Giáo trình Hán Ngữ Boya trung cấp 2 Tập 1

Αποθηκεύτηκε σε:
Λεπτομέρειες βιβλιογραφικής εγγραφής
Κύριος συγγραφέας: Lý, Hiếu Kỳ (Chủ biên)
Άλλοι συγγραφείς: Triệu, Diên Phong
Μορφή: Βιβλίο
Γλώσσα:Vietnamese
Έκδοση: Hà Nội Hồng Đức 2018
Θέματα:
Ετικέτες: Προσθήκη ετικέτας
Δεν υπάρχουν, Καταχωρήστε ετικέτα πρώτοι!
Thư viện lưu trữ: Trung tâm Học liệu Lê Vũ Hùng, Trường Đại học Đồng Tháp
LEADER 00816nam a22002538a 4500
001 00044829
005 20191015071057.0
008 171101s2017####-vm#################vie|d
020 # # |c 177000  |a 978604894740 
041 0 # |a vie 
082 # # |a 495.1  |b GI108TR 
100 1 # |a Lý, Hiếu Kỳ  |e Chủ biên 
245 1 0 |a Giáo trình Hán Ngữ Boya trung cấp 2  |c Lý Hiếu Kỳ (ch.b); Triệu Diên Phong  |p Tập 1 
260 # # |a Hà Nội  |b Hồng Đức  |c 2018 
300 # # |a 231 tr.  |c 27 cm. 
653 # # |a Giáo trình 
653 # # |a Ngôn ngữ 
653 # # |a Tiếng Hoa 
653 # # |a Tự học 
700 1 # |a Triệu, Diên Phong 
852 # # |j KGT.0058080 
910 # # |d 15/10/2019 
980 # # |a Trung tâm Học liệu Lê Vũ Hùng, Trường Đại học Đồng Tháp